000 01173cam a2200217 4500
001 WB3843-16
008 021121n2002 000 0 eng u
035 _a(Sirsi) u120549
245 _aLand registry new rules response
260 _c2002
490 _aRICS Policy Unit Submission
_v20 November 2002, (4)
520 _aRICS written response to the new rules consultation paper focuses on form L1 as potential standard lease, support for a statutory right to inspect title registers, making mandatory the property characteristics section in forms AP1/FR1, greater flexibility in the level of accuracy sought in form DB and extending the period of time for objecting to an application to determine an exact line of a boundary. Consultation paper is available at http://legislation.landreg.gov.uk/content/rules/default.asphttp://www.rics.org/ricscms/bin/show?class=Policy&template=/includes/showpolicy.html&id=727&faculty=RICS
590 _aWB
650 _aECONVEYANCING
650 _aHM LAND REGISTRY
650 _aHM LAND REGISTRY
650 _aEBUSINESS
650 _aLAND REGISTRATION ACT 2002
690 _aPROPERTY AND LAND LAW-CONVEYANCING
942 _n0
999 _c71619
_d71619